000
00268nam a22001217a 4500
008
180126b xxu||||| |||| 00| 0 eng d
041
_a
eng
080
_a
34
100
_a
14
101
_a
JUR
245
_a
SEXUAL ORIENTAL AND THE LAW
_c
KAREN.M
942
_2
udc
_c
BK
999
_c
41035
_d
41035